| 000 | 01032nam a2200217 4500 | ||
|---|---|---|---|
| 001 | 116047 | ||
| 003 | ES-MaACL | ||
| 007 | t| | ||
| 008 | 061121s1975 sp r ||||1| spa d | ||
| 100 | 1 |
_aParicio Ansuategui, Ignacio. _989124 |
|
| 245 | 1 | 0 |
_aEstudios de tipología de la vivienda _b: bloques lineales : información de base : sección de estudios de la vivienda del COACB / _crealizado por F. Javier Gómez Salegui , bajo la dirección de Ignacio Paricio Ansuategui y con la colaboración de Víctor Gurri. |
| 260 |
_aBarcelona : _bLa Gaya Ciencia, _c1975. |
||
| 300 |
_a103 p. ; _c31 cm. |
||
| 490 | 1 | _aPublicaciones del Colegio Oficial de Arquitectos de Cataluña y Baleares. Informe | |
| 700 | 1 |
_aGómez Salegui, F. Javier. _958150 |
|
| 700 | 1 |
_aGurri, Víctor. _960998 |
|
| 710 | 2 |
_aColegio Oficial de Arquitectos de Cataluña y Baleares. _92956 |
|
| 830 | 0 |
_aPublicaciones del Colegio Oficial de Arquitectos de Cataluña y Baleares. Informe _9233292 |
|
| 852 |
_aES-MaACL _jE-8084 _bR.92252 |
||
| 999 |
_c116047 _d116047 |
||